I am Malala : (Record no. 1035)

MARC details
000 -LEADER
fixed length control field 02518cam a2200409 i 4500
005 - DATE AND TIME OF LATEST TRANSACTION
control field 20260322212044.0
008 - FIXED-LENGTH DATA ELEMENTS--GENERAL INFORMATION
fixed length control field data
010 ## - LIBRARY OF CONGRESS CONTROL NUMBER
LC control number 2015295908
020 ## - INTERNATIONAL STANDARD BOOK NUMBER
International Standard Book Number 9780316322423 (pb)
020 ## - INTERNATIONAL STANDARD BOOK NUMBER
International Standard Book Number 9780316322409 (hc)
020 ## - INTERNATIONAL STANDARD BOOK NUMBER
International Standard Book Number 9780316403467 (international)
020 ## - INTERNATIONAL STANDARD BOOK NUMBER
International Standard Book Number 9780316286633 (lp)
020 ## - INTERNATIONAL STANDARD BOOK NUMBER
International Standard Book Number 0316322423
040 ## - CATALOGING SOURCE
Original cataloging agency DLC
Transcribing agency DLC
Description conventions rda
042 ## - AUTHENTICATION CODE
Authentication code pcc
043 ## - GEOGRAPHIC AREA CODE
Geographic area code a-pk---
050 00 - LIBRARY OF CONGRESS CALL NUMBER
Classification number LC2330
Item number .Y68 2015
082 00 - DEWEY DECIMAL CLASSIFICATION NUMBER
Classification number 370.82095491
Edition information 23
099 ## - LOCAL FREE-TEXT CALL NUMBER (OCLC)
Classification number YOUSAM
001 - CONTROL NUMBER
control field data
100 1# - MAIN ENTRY--PERSONAL NAME
Personal name Yousafzai, Malala,
Dates associated with a name 1997-
Relator term author.
245 10 - TITLE STATEMENT
Title I am Malala :
Remainder of title the girl who stood up for education and was shot by the Taliban /
Statement of responsibility, etc. Malala Yousafzai & Christina Lamb.
250 ## - EDITION STATEMENT
Edition statement First Back Bay trade paperback edition.
264 #1 - PRODUCTION, PUBLICATION, DISTRIBUTION, MANUFACTURE, AND COPYRIGHT NOTICE
Place of production, publication, distribution, manufacture New York :
Name of producer, publisher, distributor, manufacturer Back Bay Books, Little Brown and Company,
Date of production, publication, distribution, manufacture, or copyright notice 2015.
300 ## - PHYSICAL DESCRIPTION
Extent xx, 330, 16 pages, [16] pages of plates :
Other physical details color illustrations ;
Dimensions 21 cm
336 ## - CONTENT TYPE
Content type term text
Content type code txt
Source rdacontent
337 ## - MEDIA TYPE
Media type term unmediated
Media type code n
Source rdamedia
338 ## - CARRIER TYPE
Carrier type term volume
Carrier type code nc
Source rdacarrier
520 ## - SUMMARY, ETC.
Summary, etc. When the Taliban took control of the Swat Valley in Pakistan, one girl spoke out. Malala Yousafzai refused to be silenced and fought for her right to an education. On Tuesday, October 9, 2012, when she was fifteen, she almost paid the ultimate price. She was shot in the head at point-blank range while riding the bus home from school, and few expected her to survive. Instead, Malala's miraculous recovery has taken her on an extraordinary journey from a remote valley in northern Pakistan to the halls of the United Nations in New York. At sixteen, she has become a global symbol of peaceful protest and the youngest nominee ever for the Nobel Peace Prize. This is the remarkable tale of a family uprooted by global terrorism, of the fight for girls' education, of a father who, himself a school owner, championed and encouraged his daughter to write and attend school, and of brave parents who have a fierce love for their daughter in a society that prizes sons. This story will make you believe in the power of one person's voice to inspire change in the world. --Publisher's description.
600 10 - SUBJECT ADDED ENTRY--PERSONAL NAME
Personal name Yousafzai, Malala,
Dates associated with a name 1997-
650 #0 - SUBJECT ADDED ENTRY--TOPICAL TERM
Topical term or geographic name entry element Young women
General subdivision Education
Geographic subdivision Pakistan
Form subdivision Biography.
650 #0 - SUBJECT ADDED ENTRY--TOPICAL TERM
Topical term or geographic name entry element Children's rights
Geographic subdivision Pakistan.
700 1# - ADDED ENTRY--PERSONAL NAME
Personal name Lamb, Christina,
Relator term author.
906 ## - LOCAL DATA ELEMENT F, LDF (RLIN)
a 7
b cbc
c origcop
d 2
e ncip
f 20
g y-gencatlg
925 0# -
-- acquire
-- 1 shelf copy
-- policy default
Holdings
Withdrawn status Lost status Damaged status Not for loan Home library Current library Shelving location Date acquired Total checkouts Full call number Barcode Date last seen Price effective from Koha item type
        Midway Midway General stacks 22/03/2026   370.82095491 23 BC0011069 22/03/2026 22/03/2026 Books